1189 1555 1037 1520 1878 1464 1284 1241 1853 1670 1549 1292 1440 1105 1333 1569 1729 1453 1697 1450 1770 1031 1321 1512 1588 1969 1008 1973 1619 1746 1685 1476 1439 1179 1903 1709 1545 1726 1013 1038 1420 1737 1268 1877 1787 1840 1938 1885 1245 1512 1694 1820 1962 1103 1783 1576 1148 1631 1022 1303 1130 1281 1459 1445 1230 1852 1179 1162 1216 1116 1407 1201 1006 1973 1340 1839 1419 1540 1286 1582 1943 1440 1103 1262 1868 1318 1070 1831 1352 1105 1079 1163 1063 1376 1688 1866 1390 1752 1909 BCNSPRNW ULIB Ver.6.0+V

เปลี่ยนเป็นภาษาไทย

Change to English
 แสดงรายละเอียดบรรณานุกรม
  กลับหน้าหลัก

Brief Record : Get Marc (ISO 2709) : E-mail record : QR code < ปิดหน้าต่าง
LEADER : 00000nam 2200000uu 4500
001    13399126727
003     ULIB
008    020711s2019 th a 000 0 eng d
020    ^a9780323548540
060    ^aWS350^bC536
100    ^aBeresin, Eugene V. and Olson, Cheryl K.
245    ^aChild and Adolescent Psychiatry and the Media
250    ^a1st ed
260    ^aLouis, Missouri :^bElsevier,^c2019
300    ^a202 pages;^b26 cm
650    ^aPsychiatry
650    ^aChild
650    ^aAdolescent
945    ^p2720^l0^i005388
999    ^aวิลาวรรณ์ สายภักดี
รายการนี้ยังไม่มีแท็ก
คุณยังไม่ได้ล็อกอิน คุณสามารถมีกิจกรรมร่วมกับเว็บไซต์ได้ แต่ต้องล็อกอินก่อน ::
  ล็อกอิน

รายการสื่อสารสนเทศ

ลำดับที่ ประเภท เลขเรียก/บาร์โค้ด สถานที่ สถานะ
1. วิทยาศาสตร์การแพทย์ และสุขภาพ
หนังสือสำรอง
สถานะ=หนังสือสำรอง
WS350 C536 ฉ.1 
  Barcode: 005388
ห้องสมุดวิทยาเขตสวรรค์ประชารักษ์
►หนังสือทั่วไป
บนชั้น

รายการใกล้เคียง
    หัวเรื่อง [Psychiatry]
    หัวเรื่อง [Child]
    หัวเรื่อง [Adolescent]

BibComment


ยังไม่เคยถูกคอมเมนท์

คอมเมนท์ทรัพยากรรายการนี้
  คอมเมนท์: Child and Adoles..


 Copyright 2026. Bcnsprnw @Library